[Event "CCDOC-Pawns"]
[Site "?"]
[Date "2003.02.26"]
[Round "?"]
[White "Williams, Kent"]
[Black "Jakstas, Kaz"]
[Result "1-0"]
[WhiteElo "2162"]
[BlackElo "2139"]
[PlyCount "55"]

1. e4 d6 2. Bc4 Nf6 3. d3 g6 4. Nf3 Bg7 5. h3 Nc6 6. a3 O-O 7. Nc3 a6 8. O-O b5
9. Bb3 Na5 10. Ba2 c5 11. Bg5 Bb7 12. Qd2 Nc6 13. Bh6 Rc8 14. Rfe1 Nd4 15. Nxd4
cxd4 16. Ne2 e5 17. Rac1 Nh5 18. Bg5 Bf6 19. Bh6 Bg7 20. Rf1 d5 21. Bg5 Qd7 22.
g4 Nf6 23. f3 Kh8 24. Bh6 Ng8 25. Bxg7+ Kxg7 26. Ng3 Nf6 27. Qg5 Qd6 28. Nf5+
1-0

[Event "CCDOC-Pawns"]
[Site "?"]
[Date "2003.02.26"]
[Round "?"]
[White "Alexander, W."]
[Black "Fabijonas, R."]
[Result "0-1"]
[WhiteElo "1698"]
[BlackElo "1704"]
[PlyCount "60"]

1. d4 Nf6 2. Nf3 d5 3. Bf4 e6 4. e3 Nc6 5. h3 Be7 6. Bd3 Nb4 7. Be2 O-O 8. a3
Nc6 9. Nbd2 Bd7 10. O-O Rc8 11. Rc1 h6 12. c4 Bd6 13. Bxd6 cxd6 14. cxd5 Nxd5
15. Bc4 Nf6 16. Qe2 d5 17. Bd3 Qb6 18. b4 Rc7 19. Nb3 Rfc8 20. Nc5 a6 21. Ne5
Be8 22. f4 Qa7 23. Rc2 Nb8 24. Rfc1 b6 25. Nb3 Ba4 26. Rxc7 Rxc7 27. Rxc7 Qxc7
28. Bc2 Qc3 29. Na1 Qxa1+ 30. Kh2 Qb2 0-1

[Event "Pawns-CCDOC"]
[Site "?"]
[Date "2003.02.26"]
[Round "?"]
[White "Litvinas, A."]
[Black "Seaton, Ed"]
[Result "1-0"]
[WhiteElo "1629"]
[BlackElo "1615"]
[PlyCount "83"]

1. e4 b6 2. c4 Bb7 3. d3 e6 4. Nc3 Ne7 5. Bg5 f6 6. Bf4 d5 7. Nf3 e5 8. Bd2 d4
9. Ne2 Nec6 10. a3 Na6 11. b4 Ne7 12. Nh4 Ng6 13. Nf5 Bc8 14. Neg3 Nf4 15. Bxf4
exf4 16. Ne2 Bxf5 17. exf5 Qe7 18. Qa4+ Qd7 19. Qxa6 Qxf5 20. Qb5+ Qxb5 21.
cxb5 Bd6 22. Rc1 Be5 23. Rc4 Rd8 24. g3 g5 25. Bg2 O-O 26. gxf4 gxf4 27. Rg1
Kh8 28. Bf3 Rfe8 29. Kd2 Rg8 30. Rxg8+ Kxg8 31. Rc1 Rd7 32. Rg1+ Rg7 33. Rxg7+
Kxg7 34. Kc2 Kg6 35. Kb3 h5 36. Kc4 Kg5 37. Nxd4 h4 38. h3 Bd6 39. Nc6 Kf5 40.
Kd5 Be5 41. d4 Bd6 42. Nxa7 1-0

[Event "CCDOC-Pawns"]
[Site "?"]
[Date "2003.02.26"]
[Round "?"]
[White "Hall, A."]
[Black "O'Dell, David"]
[Result "1/2-1/2"]
[WhiteElo "1477"]
[BlackElo "1482"]
[PlyCount "125"]

1. f4 d5 2. d4 Nc6 3. e3 Bf5 4. Bb5 {Diagram #} 4... Qd6 5. Nf3 a6 6. Bd3 Qd7 {
Diagram #} 7. a3 (7. Ne5 {After Knight trade a3 has no point.}) 7... Nf6 8. Ne5
Nxe5 9. fxe5 Ne4 10. O-O Bg4 {Diagram #} 11. Be2 (11. Qe1 {Idea is Nd2 to
force away the centralized Knight. The suggested Queen move saves the
important attacking Bishop, which will be needed to attack h7 if Black plays
0-0, or b5 (and a6) if Black plays 0-0-0.}) 11... Bxe2 12. Qxe2 e6 13. Qf3 {
Diagram #} 13... h6 14. Nd2 Ng5 15. Qf4 Qe7 {Diagram # This is the natural
square for the Bishop, but would block protection of f7.} 16. c4 c6 17. c5 Nh7
18. Nb3 f6 $5 {Diagram # About the only way to finish development, but happens
to be a good start to counterattacking White's center.} 19. Qg4 f5 ({
It appears Black can breakup the center Pawns with} 19... fxe5 {
but White has the good} 20. Qh5+ Kd7 21. Qxe5 {
Diagram # White would love to have that Bishop back on d3 here!}) 20. Qh5+ Qf7
21. Qxf7+ Kxf7 {Diagram # White has the better of it as Black has no open
lines or targets. White can open the f-file with g4 at a convienent time.} 22.
Na5 (22. g4 g6) 22... Rb8 23. b4 g5 {Diagram #} 24. Nb3 (24. g4 Kg6 {
the only way to save a Pawn} 25. gxf5+ exf5 {Diagram # White has increased his
endgame chances by creating a protected center passer.}) 24... b6 25. cxb6 Rxb6
{Diagram # Black has cleared some space, but now the c6-Pawn is a problem.
White could double Rooks on c-file, play Na5, and find a convienent time to
play b5 (probably supported by Pa4 move).} 26. Na5 Be7 27. Bd2 g4 {Diagram #}
28. Nb3 {White decides to open b-file, but I would prefer to first play Rfc1
so as to recapture on c5 with Rook and maintain pressure on backward Pawn.}
28... Ng5 {Black is defending well; he directs his pieces to active squares.
Unfortunately, he lacks space. The King will soon be needed to defend c6 and
is too far away.} 29. Nc5 h5 30. a4 Bxc5 31. bxc5 Rb7 32. Rab1 Rhb8 {Diagram # 
White's earlier decision has given Black the better game. He now gives him a
Pawn to go with it, but watch how White manipulates the position!} 33. Rb6 Rxb6
34. cxb6 Rxb6 35. a5 (35. Ba5 {
keeps the Bishop active without changing White's excellent plan.}) 35... Rb7
36. Rc1 {Diagram # here's where Black desparately needs some help defending c6.
} 36... Rc7 (36... Ne4 $1 37. Be1 c5 $1 38. dxc5 Rc7 {Diagram #} 39. Bb4 (39.
Rb1 Nxc5 40. Rb6 {Diagram # with idea of Bb4, Bxc5,Rxa6} 40... Nd7 41. Rxa6
Nxe5 {then blockade passer with Nc6, and bring King over. Although this will
probably cost the h-Pawn, Black is a Pawn up.}) 39... Ke8 {
Black can probably win passer and White's other Pawns are a mess.}) 37. Rb1 c5
{idea is c4, of course} 38. dxc5 Rxc5 39. Rb7+ Ke8 40. Rb6 {Diagram #} 40...
Ne4 ({Since the Knight helps hold e6, better is} 40... Kd7 41. Rxa6 Kc7 {
Diagram # Black can keep an eye on the passer and begin to attack the loose
e5-Pawn (after Kb7, Nf7) which will promise a Black passer (but still might
not be enough to win).}) 41. Be1 Kd7 42. Rxa6 {Diagram #} 42... Rc1 {It is inte
resting Black has time for this! He is causing new weaknesses while making the
standard maneuver of "Rook behind passer".} 43. Kf1 Nd2+ 44. Ke2 Nc4 45. Ra7+
Kc6 46. Re7 {Diagram #} 46... Rc2+ 47. Kd3 {
The active King will be White's saving grace!} 47... Rxg2 48. Rxe6+ Kd7 49. Rf6
Nxe5+ 50. Kc3 Ra2 {Diagram # The squirmishes have eliminated some Pawns,
making the draw very near.} 51. Bg3 Ra3+ 52. Kb4 Rxe3 53. a6 Nc6+ 54. Kc5 {
Diagram #} 54... Rc3+ (54... d4 $2 55. Rd6+ (55. Rxc6 $2 Rc3+ 56. Kxd4 Rxc6)
55... Kc7 56. Rxc6+) 55. Kxd5 Ne7+ {Diagram #} 56. Kd4 Ra3 {
With queening square opposite color of Bishop, it loses most of its potential.}
57. Kc4 Nc6 58. Kb5 {Diagram #} 58... Na7+ 59. Kb6 Nc8+ 60. Kb7 Rb3+ 61. Ka8
Nb6+ {Diagram #} 62. Ka7 (62. Kb8 Nd5+ 63. Ka8 Nxf6) 62... Nc8+ (62... Nd5 $2
63. Rd6+) {DRAW AGREED} 63. Ka8 {Diagram # An interesting position, Black has
a 3-1 majority, but has no apparent way of advancing it.} 1/2-1/2

[Event "Pawns-CCDOC"]
[Site "?"]
[Date "2003.02.26"]
[Round "?"]
[White "Mikulecky, Bob"]
[Black "Jackson, Steve"]
[Result "0-1"]
[WhiteElo "1483"]
[BlackElo "1468"]
[PlyCount "88"]

{A fairly complex game.  Win or lose, the players should be pleased to have
worked through it as there are many interesting turns.} 1. d4 c6 2. e4 e6 3.
Nf3 d6 4. Nc3 Nd7 5. Be2 Ne7 {Diagram #} 6. Bg5 g6 7. O-O Bg7 8. Qd2 h5 {
Diagram #} 9. Rad1 Nf8 10. d5 f6 {
Diagram # It's hard to believe Black can survive this Pawn position.} 11. Be3
exd5 12. exd5 c5 {Diagram # The position vaguely resembles a Benoni structure
(f6 doesn't belong, but does help the defence, although blocking the g7-Bishop.
From Benoni theory, we know the key weak spot is the d6-Pawn.} 13. h3 {
The threat would be Bf4, then Nb5 to win the d6-Pawn.} (13. Bf4 g5 14. Bg3 $2
h4 {traps Bishop}) (13. h4 {stops Black's coming expansion. White has no
immediate plans for either the f3-Knight or e2-Bishop, so Black's Bg4 move
isn't particularly effective.}) 13... a6 14. Rfe1 (14. Rde1 {
idea of Bd3, Nh5, f4-5}) ({Best is} 14. Bf4 {Diagram # idea of Ne4} 14... Bf5 (
14... Bd7 $2 {idea of Nc8} 15. Bxd6) (14... f5 {
gives Black a lot of Kingside holes}) 15. Nh4 {
at least gaining the Bishop pair.}) 14... g5 15. Nh2 {Diagram #} 15... g4 16.
hxg4 hxg4 17. Nxg4 f5 18. Nh2 {Diagram #} 18... Bd7 19. Bf4 Qc7 20. Nf3 O-O-O {
Diagram #} 21. Bc4 (21. Ng5 {
threatens Nf7 not only to fork Rooks, but to hit that weak d6-Pawn!} 21... Be8
{Black must cover f7!} 22. Ne6 Nxe6 23. dxe6 {Diagram # White is looking
strong by continuing to take over d5 with Bf3 followed-up with Nd5/Bd5. Bxd6
may work as well.} 23... Ng6 24. Bxd6 {Diagram #} 24... Bh6 (24... Be5 25. Bxc7
Rxd2 26. Rxd2 Kxc7 {Diagram # Black threatens to win with Bh2+, then Bf4
hitting d2-Rook and discovering Rh1# threat. But it is White's move!} 27. Bf3 (
27. g3 $2 Bc6 {idea Rh1#} 28. f3 Bxg3) 27... Bh2+ 28. Kf1 Bf4 29. Rdd1 {
Diagram #} 29... Rh1+ 30. Ke2) 25. Bxc7 (25. Qxh6 $1) 25... Bxd2 26. Bxd8 Bxe1
27. Bf6 $1 {Diagram # ideas of Bxh8 or Rxe1} 27... Bxc3 28. Bxc3 {Diagram # Whi
te has two extra Pawns and the Bishop pair, which should be enough to win. f6
is a dominating square for the Bishop.} (28. Rd8+ $2 Kc7 29. Bxh8 Kxd8 (29...
Bxh8 $2 30. Rxe8))) 21... Neg6 22. Bg3 (22. Bg5 {
but maybe White considered an eventual Nh7, chasing it away}) (22. Bh2 {
idea of Ng5-e6}) 22... Bh6 23. Ng5 {
Diagram # Pins are to be broken, not played!} (23. Qd3 $2 b5 24. Bb3 c4) ({
Better is} 23. Qe2 Re8 24. Qf1 f4 25. Bh2) 23... Nh7 24. f4 Nxg5 25. fxg5 Bg7 {
Diagram # Black has significantly opened White's position. In times when you
feel like you're in trouble, take a break, and reset your resolve. White's
play shows his spirit is broken.} 26. Qf2 $2 (26. Ne2 {covers d4 and f4, and
also opens Queen, creating a b4 theme. Black will have constant threats
against the King, however.}) 26... Bd4 {yup, Black is aware.} 27. Re3 {
Another pin?} ({After} 27. Rxd4 cxd4 28. Qxd4 {
Diagram # White has two (useless) Pawns and open space for his Bishop pair.})
27... Bxe3 (27... Rhe8 28. Rde1) 28. Qxe3 Rde8 29. Qf3 {
Diagram # Another unfortunate placement, and Black immediately shows why!}
29... f4 {Not just hitting Bishop, but threatening to win another exchange
with Bg4 skewer.} 30. Bxf4 {Another pin?} 30... Ref8 31. g3 Ne5 32. Qe3 $2 {
abandoning Bishop} (32. Qe2 Bg4) (32. Qf1) 32... Nxc4 33. Qe7 {Diagram # A
Rook down, White's only hope was to advance g-passer. Black shows the game is
up.} 33... Re8 34. Qf7 Rhf8 35. Qg7 Qd8 {Diagram #} 36. Qg6 (36. b3 Ne3 37. Rd2
Bf5 {to trap Q with Re7 followed by Rh8.}) 36... Bf5 37. Qh5 Qe7 (37... Rh8 {
Diagram #} 38. Qf3 (38. Qf7 $4 Ref8 39. Qg7 Rh7 {traps her}) 38... Qe7 {
Black completely dominates, main threat of Qh7 and down the board.}) 38. g6 Qg7
(38... Rh8 $2 39. Qxf5+) 39. Bh6 {Diagram #} 39... Bxg6 $1 40. Bxg7 Bxh5 {
fortunately hitting the lone White Rook} 41. Bxf8 Bxd1 42. Bxd6 Nxd6 {Diagram #
} 43. Nxd1 {oops} 43... Re1+ 44. Kf2 Rxd1 {White soon resigned.} 0-1

[Event "Knights-Kemper"]
[Site "?"]
[Date "2003.02.26"]
[Round "?"]
[White "Samelson, Chris"]
[Black "Easton, Richard"]
[Result "0-1"]
[WhiteElo "1938"]
[BlackElo "1843"]
[PlyCount "50"]

{Notes by Richard Easton.  This game helped Kemper draw a match on 2/26/2003
with a tough Motorola Kings team.} 1. e4 c5 2. Nf3 Nc6 3. d4 cxd4 4. c3 {
Diagram #} 4... d5 5. Nxd4 dxe4 6. Bb5 Bd7 {Diagram #} 7. Nxc6 Bxc6 8. Bxc6+
bxc6 {Diagram #} 9. Qa4 Qd5 {Diagram #} 10. c4 {
Better is 0-0 as White's move blocks his Queen's reach to center and beyond.}
10... Qe6 11. O-O Nf6 12. Nc3 g6 {Diagram #} 13. Rd1 (13. Re1 {
Looking at Pawn and maybe Queen. Immediate idea is Bg5 and Nxe4, so} 13... h6)
13... Bg7 {Diagram #} 14. Nd5 $1 {Nicely using pin of Pawn. Of course, the
idea is Nc7, at least forking Rook and Queen.} 14... Rc8 15. Nf4 Qe5 16. Qxa7
O-O {Diagram # Material is even, but White is better due to passed a pawn and
3-1 majority on the queenside. Black must win or get an advantage in the
middlegame, since the endgame is lost.} 17. a3 {I thought was a bit slow} 17...
g5 18. Ne2 {Diagram #} 18... Rfd8 (18... h6 {is better to protect g5 Pawn}) 19.
Qa4 Ng4 {Diagram #} 20. h3 ({Better is} 20. Ng3 Ra8 21. Qb3 Rdb8 {Diagram #}
22. Qc2) 20... Qh2+ {better is Qh1 Ng1 Nh2 Kmoves Qxg2 and black wins} 21. Kf1
{Diagram #} 21... Ne5 ({Quicker is} 21... Qh1+ 22. Ng1 Nh2+ 23. Ke2 {Diagram #}
23... Qxg2) 22. Rxd8+ (22. Ng3 {Now or next move} {[Editor steps in: ]} 22...
Nxc4 $6 {Diagram #} 23. Rxd8+ (23. Qxc4 $2 Rxd1+ 24. Ke2) 23... Rxd8 24. Qxc4
Rd1+ 25. Ke2 {Diagram #} 25... Qg1 26. Qb4 Rxc1 27. Rxc1 Qxc1 {Diagram #} 28.
Qb8+ Bf8 {White is better.} 29. Nxe4 Qc2+ 30. Nd2) 22... Rxd8 23. Bxg5 {
Diagram # Now, find the combination which wins in a very pretty manner for
Black!} 23... Qh1+ 24. Ng1 Nf3 $1 {Diagram #} 25. gxf3 exf3 {
Diagram # Mate comes with Qg2+ followed by Qxg1#} 0-1

[Event "Chargers-CCDOC"]
[Site "?"]
[Date "2003.03.??"]
[Round "?"]
[White "Marcowka, Bob"]
[Black "Seaton, Ed"]
[Result "0-1"]
[WhiteElo "1950"]
[BlackElo "1615"]
[PlyCount "110"]

1. g3 Nf6 2. b3 e5 3. Bb2 Bd6 4. Nc3 O-O 5. Nb5 Qe7 6. Nxd6 Qxd6 7. Bg2 Re8 8.
Nh3 h6 9. e4 Nc6 10. O-O b6 11. Kh1 Bb7 12. d3 Qe6 13. c4 Qd6 14. Qd2 Nb4 15.
Rfd1 c5 16. Bc3 a5 17. f4 Nc6 18. Rf1 Nd4 19. Rae1 Bc6 20. Ng1 b5 21. Bxd4 cxd4
22. fxe5 Qxe5 23. Rf5 Qe6 24. cxb5 Bb7 25. Qf4 Nd5 26. Qf2 Ne3 27. Rc5 Nxg2 28.
Kxg2 Qd6 29. Rc4 Re5 30. Nf3 Rxb5 31. Qxd4 Qe6 32. Nh4 Rh5 33. Qf2 d5 34. Rc7
Bc6 35. Qc2 Ra6 36. Rc1 Bd7 37. exd5 Qxd5+ 38. Nf3 Bh3+ 39. Kf2 Rf6 40. Rc8+
Bxc8 41. Qxc8+ Kh7 42. Qg4 Rxf3+ 43. Qxf3 Qd4+ (43... Rf5) 44. Ke1 Qg1+ 45. Qf1
Re5+ 46. Kd2 Qxh2+ 47. Kd1 Qxg3 48. Rc4 Rd5 49. Kc2 Qh2+ 50. Kb1 Qd2 51. Qxf7
Qxd3+ 52. Kb2 Rb5 53. Qf4 Rf5 54. Qb8 Rf2+ 55. Ka3 Qb1 0-1

[Event "CCDOC-Chargers"]
[Site "?"]
[Date "2003.03.??"]
[Round "?"]
[White "Alexander, Will"]
[Black "Dobrovolny, Chuck"]
[Result "1-0"]
[WhiteElo "1698"]
[BlackElo "1836"]
[PlyCount "79"]

1. d4 Nf6 2. c4 g6 3. Nc3 d5 4. e3 Bg7 5. Nf3 O-O 6. Bd3 b6 7. Bd2 dxc4 8. Bxc4
Bb7 9. O-O a6 10. Rc1 b5 11. Be2 Nbd7 12. b4 Nb6 13. Qc2 Rc8 14. Rfd1 Qd6 15.
Qb1 Nbd5 16. Nxd5 Bxd5 17. Ne5 Ne4 18. Bf3 Nxd2 19. Rxd2 Bxf3 20. Nxf3 Rfd8 21.
Rdc2 c6 22. Rc5 Rd7 23. d5 Rcd8 24. dxc6 Rc7 25. a3 e5 26. e4 Bh6 27. Rd5 Bxc1
28. Rxd6 Rxd6 29. Qxc1 Rdxc6 30. Qd2 Rc2 31. Qd8+ Kg7 32. g3 R7c3 33. Nxe5 Rxa3
34. Qd7 Raa2 35. Qxf7+ Kh6 36. Ng4+ Kg5 37. Qf4+ Kh5 38. h4 (38. Nf6#) 38...
Ra1+ 39. Kg2 Rcc1 40. Qg5# 1-0

[Event "Chargers-CCDOC"]
[Site "?"]
[Date "2003.03.??"]
[Round "?"]
[White "McCarthy, Dan"]
[Black "Hall, Alonzo"]
[Result "1-0"]
[WhiteElo "1791"]
[BlackElo "1477"]
[PlyCount "129"]

1. e4 e5 2. Nf3 Nc6 3. Bc4 Bc5 4. O-O d6 5. h3 Nd4 6. c3 Nxf3+ 7. Qxf3 Nf6 8.
a4 a5 9. d3 O-O 10. Bg5 Be6 11. Nd2 h6 12. Bh4 c6 13. Kh1 d5 14. exd5 cxd5 15.
Bxf6 gxf6 16. Bb3 f5 17. Qg3+ Qg5 18. Nf3 Qxg3 19. fxg3 Bd6 20. Nh4 f4 21. gxf4
exf4 22. d4 Rab8 23. Bc2 f5 24. Ng6 Rf6 25. Nxf4 Bxf4 26. Rxf4 Kg7 27. Re1 b5
28. Re2 h5 29. Ref2 Kg6 30. g4 hxg4 31. hxg4 Kg5 32. gxf5 Bxf5 33. Rxf5+ Rxf5
34. Rxf5+ Kg4 35. Rf2 b4 36. Kg2 bxc3 37. bxc3 Re8 38. Bd1+ Kg5 39. Re2 Rd8 40.
Kf3 Rf8+ 41. Ke3 Rb8 42. Kd3 Rb1 43. Bc2 Rb8 44. Re5+ Kf6 45. Rxd5 Ra8 46. Re5
Ra7 47. c4 Ra8 48. c5 Rc8 49. Kc4 Rb8 50. c6 Rb4+ 51. Kc5 Rb8 52. c7 Rc8 53.
Kc6 Kf7 54. Bf5 Rxc7+ 55. Kxc7 Kf6 56. Kd6 Kg5 57. Bd3+ Kf4 58. Kd5 Kf3 59. Re4
Kf2 60. Ke5 Kf3 61. d5 Kf2 62. Kf4 Kg2 63. Re3 Kf2 64. Re2+ Kf1 65. Kg3 1-0

[Event "Chargers-CCDOC"]
[Site "?"]
[Date "2003.03.??"]
[Round "?"]
[White "Dobr, Karei"]
[Black "Appleberry, Tony"]
[Result "0-1"]
[WhiteElo "1418"]
[BlackElo "1341"]
[PlyCount "90"]

1. d4 d5 2. Nc3 e6 3. Nf3 Nc6 4. Bf4 a6 5. e3 Nf6 6. a3 Na5 7. Bd3 c5 8. dxc5
Nc6 9. b4 b6 10. cxb6 Qxb6 11. Na4 Qd8 12. O-O Nd7 13. Re1 Be7 14. e4 O-O 15.
exd5 exd5 16. Be2 Nf6 17. Nd4 Bd7 18. Bf3 Nxd4 19. Qxd4 Bxa4 20. c3 Bb5 21. Bg5
Rc8 22. Re3 Qd6 23. Rae1 Rfe8 24. Bxf6 Bxf6 25. Rxe8+ Rxe8 26. Rxe8+ Bxe8 27.
Qxd5 Qxd5 28. Bxd5 Bxc3 29. Bb3 Bb2 30. a4 Bc3 31. Kf1 Bxb4 32. Ke2 a5 33. f3
g6 34. Ke3 Kg7 35. g4 g5 36. h3 f6 37. Bc2 h6 38. Kd4 Kf7 39. Bb3+ Ke7 40. Bc2
Kd6 41. Bb3 Bc6 42. Bd1 Bc5+ 43. Kc4 Bb6 44. Kd3 Ke5 45. Kc4 Kf4 0-1

[Event "Case-CCDOC"]
[Site "?"]
[Date "2003.03.??"]
[Round "?"]
[White "Reid, Carl"]
[Black "McGee, L."]
[Result "1-0"]
[WhiteElo "1515"]
[BlackElo "1118"]
[PlyCount "95"]

1. d4 d5 2. Nf3 Nf6 3. e3 e5 4. Nxe5 Ne4 5. Bd3 Qg5 6. c3 Qxg2 7. Rf1 Bf5 8.
Qb3 b6 9. Qxd5 Be7 10. Qxf7+ (10. Qxa8) 10... Kd8 11. Qxf5 Nd6 12. Qf3 Qxf3 13.
Nxf3 b5 14. Nbd2 g5 15. e4 g4 16. Ne5 Ne8 17. Nxg4 h5 18. Ne5 Rg8 19. Ndf3 Nd6
20. Bd2 a6 21. Rg1 Rf8 22. Bg5 Bf6 23. Bxf6+ Rxf6 24. Rg8+ Ke7 25. Rg7+ Kd8 26.
Ng5 Kc8 27. Nef3 Rf4 28. Ke2 Kb7 29. Ke3 Rf8 30. Ne6 Re8 31. Nxc7 Nf5+ 32. Kd2
Nxg7 33. Nxe8 Nxe8 34. e5 Kc7 35. Bg6 Ng7 36. Rg1 Nd7 37. Be4 Re8 38. Rg6 (38.
Rxg7) 38... Ne6 39. Rh6 Nb6 40. b3 a5 41. Rxh5 a4 42. Rh7+ Kd8 43. Rb7 Nc8 44.
Rxb5 Ng5 45. Nxg5 Ke7 46. Rb7+ Kf8 47. Nh7+ Kg8 48. Nf6+ 1-0

[Event "Case-CCDOC"]
[Site "?"]
[Date "2003.03.??"]
[Round "?"]
[White "Rojo, Bobby"]
[Black "Klinefelter, Howard"]
[Result "0-1"]
[WhiteElo "883"]
[BlackElo "1583"]
[PlyCount "102"]

1. e4 c5 2. Nf3 d6 3. Bc4 g6 4. Ng5 e6 5. d3 Bg7 6. Qf3 Nf6 7. Bf4 O-O 8. Nc3
Nc6 9. Nb5 Nd4 10. Nxd4 cxd4 11. O-O-O e5 12. Bd2 Bg4 13. Nxf7 Rxf7 14. Qg3
Bxd1 15. Bxf7+ Kxf7 16. Kxd1 Qd7 17. Bb4 a5 18. Bd2 b5 19. h4 Qg4+ 20. Kc1 Qxg3
21. fxg3 Ke6 22. a3 a4 23. Rf1 Rf8 24. Bg5 Ng4 25. Rd1 Rf2 26. Rg1 Ne3 27. Bxe3
dxe3 28. Kd1 Bh6 29. g4 Bf4 30. b4 Rd2+ 31. Kc1 Rf2 32. Kd1 Rd2+ 33. Kc1 e2 34.
c4 Rxd3+ 35. Kb2 bxc4 36. b5 Rb3+ 37. Kc2 Rxb5 38. Kc3 Bg3 39. Kxc4 Rb2 40. Kd3
e1=Q 41. Rxe1 Bxe1 42. h5 Rb3+ 43. Ke2 Ba5 44. hxg6 hxg6 45. g5 Rxa3 46. Kf2
Bb6+ 47. Ke2 Re3+ 48. Kd2 a3 49. Kc2 Bd4 50. Kb1 Re2 51. g3 a2+ 0-1

[Event "Dragons-Fermi"]
[Site "?"]
[Date "2003.01.22"]
[Round "?"]
[White "Dorigo, T."]
[Black "Tegel, Frank"]
[Result "0-1"]
[WhiteElo "2141"]
[BlackElo "2105"]
[PlyCount "58"]

1. e4 c5 2. c3 d5 3. exd5 Qxd5 4. d4 Nf6 5. Nf3 Bg4 6. Be2 e6 7. O-O Be7 8. h3
Bh5 9. Qa4+ Nbd7 10. Bc4 Qd6 11. g4 Bg6 12. Ne5 O-O 13. Bf4 Bxb1 14. Raxb1 Nb6
15. Qb3 Nxc4 16. Ng6 Qa6 17. Nxe7+ Kh8 18. dxc5 Rfe8 19. g5 Ne4 20. Qc2 Nxc5
21. g6 Rxe7 22. Rbd1 e5 23. Bg3 Qxg6 24. Qe2 Qe6 25. b3 Nd6 26. b4 Nce4 27. Qd3
Qxh3 28. c4 Re6 29. c5 Rh6 0-1

[Event "Dragons-Fermi"]
[Site "?"]
[Date "2003.01.22"]
[Round "?"]
[White "Pehas, Alex"]
[Black "Spiegel, Lenny"]
[Result "1/2-1/2"]
[WhiteElo "1927"]
[BlackElo "1975"]
[PlyCount "43"]

1. Nf3 c5 2. g3 Nf6 3. Bg2 d5 4. d3 Nc6 5. O-O e5 6. Bg5 Be7 7. Nfd2 h6 8. Bxf6
Bxf6 9. Nc3 Be6 10. e4 d4 11. Ne2 h5 12. f4 h4 13. Nf3 hxg3 14. hxg3 Bg4 15.
Kf2 Qd7 16. Qd2 O-O-O 17. Rh1 Qe7 18. a3 Kb8 19. Rxh8 Rxh8 20. Neg1 Bc8 21. Rb1
Ka8 22. b4 1/2-1/2

[Event "Fermi-Dragons"]
[Site "?"]
[Date "2003.01.22"]
[Round "?"]
[White "Ailes, Tim"]
[Black "Eustace, Dan"]
[Result "1-0"]
[WhiteElo "1656"]
[BlackElo "1518"]
[PlyCount "45"]

1. e4 e5 2. Nc3 Nc6 3. Bc4 Nf6 4. Nf3 Nxe4 5. Nxe4 d5 6. Bd3 dxe4 7. Bxe4 Bd7
8. O-O Bd6 9. Re1 Qe7 10. d4 f5 11. Bg5 (11. Bxc6 $1 Bxc6 12. Nxe5 {
idea of Nxc6, discovering onto Q} 12... Bxe5 $4 13. Rxe5) 11... Qf7 12. Bxc6
Bxc6 13. Nxe5 Bxe5 14. Rxe5+ Kf8 15. Qd3 g6 16. d5 (16. Re7 Qg8 17. Qa3) 16...
Re8 17. Rae1 Rxe5 18. Rxe5 h6 19. dxc6 hxg5 20. cxb7 Kg7 21. Qd4 Kh6 22. Re7 (
22. Qxa7) 22... Qf8 $4 23. Qe3 {idea of Qh3#} 1-0

[Event "Dragons-Fermi"]
[Site "?"]
[Date "2003.02.22"]
[Round "?"]
[White "Breyer, Andy"]
[Black "Bolshov, A."]
[Result "1-0"]
[WhiteElo "1350"]
[BlackElo "1314"]
[PlyCount "41"]

1. e4 e6 2. d4 d5 3. Nc3 Bb4 4. e5 Ne7 5. Nh3 h6 6. Bd2 c5 7. Nb5 Nf5 8. c3 Ba5
9. g4 Ne7 10. Nd6+ Kf8 11. Qf3 f5 12. g5 $2 (12. exf6 g6 (12... gxf6 13. Qxf6+
Kg8 14. Qf7#) (12... Ng6 13. fxg7+ Kxg7 14. Qf7#) 13. fxe7+ Kxe7) 12... cxd4
13. gxh6 dxc3 14. bxc3 g6 15. Ng5 Qc7 16. h7 Nbc6 17. Rb1 Nd8 18. Qh3 Kg7 19.
Bb5 Bd7 20. Nxe6+ $1 Nxe6 21. Qh6# 1-0

[Event "Rooks-Dragons"]
[Site "?"]
[Date "2003.02.06"]
[Round "?"]
[White "Benedek, R."]
[Black "Tegel, F."]
[Result "1-0"]
[WhiteElo "2115"]
[BlackElo "2105"]
[PlyCount "80"]

1. Nf3 Nf6 2. c4 c5 3. Nc3 Nc6 4. d4 cxd4 5. Nxd4 g6 6. e4 d6 7. Be2 Bg7 8. Be3
O-O 9. O-O a6 10. f3 Nxd4 11. Bxd4 Bd7 12. Qd2 Bc6 13. Rfd1 Nd7 14. Bxg7 Kxg7
15. Kh1 h6 16. b4 Nf6 17. Qe3 Qb8 18. b5 axb5 19. cxb5 Bd7 20. a4 b6 21. Nd5
Nxd5 22. exd5 Ra7 23. Rd4 e5 24. dxe6 Bxe6 25. Rh4 Rh8 26. Rc1 Rc7 27. Qd4+ f6
28. Rc6 Rxc6 29. bxc6 Qc7 30. Bb5 Bf5 31. Rf4 Re8 32. g4 d5 33. gxf5 Re1+ 34.
Kg2 g5 35. Qd2 Qe5 36. Rd4 Rb1 37. Rxd5 Rb2 38. Rxe5 {BLACK RESIGNED?} 38...
Rxd2+ 39. Kg3 fxe5 40. c7 $2 Rc2 1-0